The quiet child

Αποθηκεύτηκε σε:
Λεπτομέρειες βιβλιογραφικής εγγραφής
Κύριος συγγραφέας: Collins, Janet
Μορφή: Βιβλίο
Γλώσσα:English
Δημοσίευση: London : Cassell, 1996
Σειρά:Issues in education series
Θέματα:
Ετικέτες: Προσθήκη ετικέτας
Δεν υπάρχουν, Καταχωρήστε ετικέτα πρώτοι!

MARC

LEADER 00000nam a2200000 i 4500
001 1/98949
008 000125s1996 eng d
020 |a 0-304-33473-1 
035 |l 10056699 
040 |a GR-MY-UA  |b gre  |e aacr 
041 0 |a eng 
082 0 |a 370.15 
100 1 |a Collins, Janet. 
245 1 4 |a The quiet child /  |c Janet Collins 
260 |a London :   |b Cassell,   |c 1996 
300 |a 228 p. 
490 1 |a Issues in education series 
650 0 0 |a School children  |x Psychology. 
650 0 0 |a Teacher-student relationships. 
650 0 0 |a Problem children  |x Education. 
650 0 0 |a Classroom management. 
830 0 |a Issues in education series 
852 |a INST  |b RHODES  |e 20000125  |h 370.15 COL  |p 005400012501  |q 005400012501  |t BK  |y 0 
901 |a BIBL4-2000-1 
909 |a Ρ  |b 068910 
922 |a 4ΕΛΗ  |b 199909  |c ΚΠΣ/154  |d GLORY BOOKS 
970 |a ΚΟΥΛΑΚΙΟΤΗ  |b ΛΙΤΣΑ  |z 2000/01/25